[Event "Budapest Art Pub Cup 6th"]
[Site "Budapest"]
[Date "2015.01.02"]
[Round "2"]
[White "Legradi, David"]
[Black "Kaczur, Florian"]
[Result "0-1"]
[WhiteElo "2017"]
[BlackElo "2293"]
[PlyCount "74"]
[EventDate "2015.01.02"]
[EventType "swiss"]
[EventRounds "6"]
[EventCountry "HUN"]
[SourceTitle "CBM 164 Extra"]
[Source "ChessBase"]
[SourceDate "2015.03.02"]
[SourceVersion "1"]
[SourceVersionDate "2015.03.02"]
[SourceQuality "1"]

1. c4 e6 2. Nf3 Nf6 3. g3 d5 4. cxd5 exd5 5. d3 c6 6. Bg2 Bg4 7. 0-0 Bc5 8. d4 Bd6 9. Nc3 0-0 10. Bg5 Nbd7 11. e4 dxe4 12. Nxe4 Be7 13. Nxf6+ Nxf6 14. Qb3 Qb6 15. Qxb6 axb6 16. a3 Rfd8 17. Ne5 Be6 18. Rfe1 h6 19. Be3 Nd5 20. Bd2 Ra4 21. b4 Bf6 22. Bxd5 Rxd5 23. Bc3 g5 24. f4 gxf4 25. gxf4 Ra8 26. Re2 Kh7 27. Kf2 Rdd8 28. Ke3 Bd5 29. Bb2 Bh4 30. Kd3 b5 31. Kc3 f6 32. Nd3 Re8 33. Rxe8 Rxe8 34. Rd1 Re3 35. Bc1 Rh3 36. Rd2 Be4 37. Kc2 Kg6 0-1

[Event "HUN-chT2 Szechenyi 1011"]
[Site "Hungary"]
[Date "2010.11.07"]
[Round "5.4"]
[White "Legradi, David"]
[Black "Mihalyfi, Gabor"]
[Result "1-0"]
[WhiteElo "1963"]
[BlackElo "2100"]
[PlyCount "109"]
[EventDate "2010.09.12"]
[EventType "team-tourn"]
[EventRounds "11"]
[EventCountry "HUN"]
[SourceTitle "EXT 2012"]
[Source "ChessBase"]
[SourceDate "2011.11.24"]
[SourceVersion "1"]
[SourceVersionDate "2011.11.24"]
[SourceQuality "1"]
[WhiteTeam "FKMK"]
[BlackTeam "Ajka Banyasz"]
[WhiteTeamCountry "HUN"]
[BlackTeamCountry "HUN"]

1. e4 e6 2. d4 d5 3. Nd2 Nf6 4. exd5 exd5 5. Ngf3 Bd6 6. Bd3 0-0 7. 0-0 Bg4 8. h3 Bh5 9. c3 Nbd7 10. Qc2 Bg6 11. Nh4 Bxd3 12. Qxd3 g6 13. g3 Re8 14. Ng2 c6 15. Nf3 Ne4 16. Bf4 Bxf4 17. Nxf4 Qf6 18. Nd2 Re7 19. Nxe4 dxe4 20. Qe3 Nb6 21. b3 Rd8 22. h4 Qd6 23. Rfd1 Nd5 24. Nxd5 cxd5 25. c4 f5 26. c5 Qd7 27. a4 Rf8 28. Qf4 Rfe8 29. Re1 Re6 30. b4 Qg7 31. Qe3 h6 32. Kf1 g5 33. hxg5 hxg5 34. Ke2 Rf8 35. Rg1 Rg6 36. f4 exf3+ 37. Kxf3 f4 38. Qe5 g4+ 39. Kf2 fxg3+ 40. Kxg3 Rf3+ 41. Kg2 Qf7 42. Rh1 Rgf6 43. Qg5+ Rg6 44. Qd8+ Qf8 45. Qxd5+ Qf7 46. Qxf7+ Kxf7 47. Rh7+ Rg7 48. Rxg7+ Kxg7 49. Re1 Kf7 50. Rf1 Rxf1 51. Kxf1 Ke6 52. b5 Kd5 53. Kg2 a6 54. bxa6 bxa6 55. Kg3 1-0

[Event "HUN-chT2 Szechenyi 0910"]
[Site "Hungary"]
[Date "2010.04.11"]
[Round "9.5"]
[White "Legradi, David"]
[Black "Domonkos, Tamas"]
[Result "0-1"]
[WhiteElo "1934"]
[BlackElo "1991"]
[PlyCount "90"]
[EventDate "2009.11.08"]
[EventType "team-tourn"]
[EventRounds "11"]
[EventCountry "HUN"]
[SourceTitle "EXT 2011"]
[Source "ChessBase"]
[SourceDate "2010.11.26"]
[SourceVersion "1"]
[SourceVersionDate "2010.11.26"]
[SourceQuality "1"]
[WhiteTeam "FKMK"]
[BlackTeam "Tapolca Szeremley"]
[WhiteTeamCountry "HUN"]
[BlackTeamCountry "HUN"]

1. e4 c6 2. d4 d5 3. e5 Bf5 4. Ne2 e6 5. Ng3 Bg6 6. h4 h6 7. h5 Bh7 8. Bd3 Bxd3 9. Qxd3 c5 10. c3 Nc6 11. f4 cxd4 12. cxd4 Qb6 13. Ne2 Nge7 14. g4 Rc8 15. Nbc3 Nb4 16. Qd1 f5 17. g5 Qa6 18. Rh3 g6 19. a3 hxg5 20. fxg5 Rxh5 21. axb4 Qxa1 22. Rxh5 gxh5 23. Nf4 Kd7 24. Nxh5 Ng6 25. Nf6+ Kc7 26. Kd2 Bxb4 27. Qh5 Bxc3+ 28. bxc3 Rh8 29. Nh7 Qa2+ 30. Ke1 Rg8 31. Nf8 Rh8 32. Nh7 Qg2 33. Qxg6 Qh1+ 34. Kd2 Rxh7 35. Kc2 Qe4+ 36. Kb3 Qb1+ 37. Bb2 Re7 38. Qf6 Kd7 39. g6 Qg1 40. Ba3 Qb1+ 41. Bb2 f4 42. Qf8 Qxg6 43. Qb8 f3 44. Qxb7+ Ke8 45. Qb5+ Kf7 0-1

[Event "HUN-chT2 Szechenyi 0910"]
[Site "Hungary"]
[Date "2010.03.21"]
[Round "8.4"]
[White "Legradi, David"]
[Black "Solymosi, Istvan"]
[Result "0-1"]
[WhiteElo "1934"]
[BlackElo "2171"]
[PlyCount "58"]
[EventDate "2009.11.08"]
[EventType "team-tourn"]
[EventRounds "11"]
[EventCountry "HUN"]
[SourceTitle "EXT 2011"]
[Source "ChessBase"]
[SourceDate "2010.11.26"]
[SourceVersion "1"]
[SourceVersionDate "2010.11.26"]
[SourceQuality "1"]
[WhiteTeam "FKMK"]
[BlackTeam "Gyor Elektromos"]
[WhiteTeamCountry "HUN"]
[BlackTeamCountry "HUN"]

1. c4 c5 2. Nc3 b6 3. d3 Nf6 4. Nf3 Bb7 5. e4 d6 6. Be2 e6 7. Bg5 Be7 8. Qc2 Nc6 9. a3 a6 10. 0-0 Rc8 11. Rfb1 Nd4 12. Qd1 0-0 13. b4 h6 14. Be3 Nxe2+ 15. Qxe2 d5 16. bxc5 dxc4 17. d4 b5 18. Bf4 Nh5 19. Bg3 Nxg3 20. hxg3 e5 21. c6 Bxc6 22. d5 Be8 23. Nxe5 Bf6 24. f4 Qd6 25. Qe3 Bxe5 26. fxe5 Qxe5 27. Rd1 Bd7 28. d6 Bc6 29. Qf4 Qxc3 0-1

[Event "HUN-chT2 Szechenyi 0910"]
[Site "Hungary"]
[Date "2010.03.14"]
[Round "6.4"]
[White "Legradi, David"]
[Black "Bartha, Sandor"]
[Result "0-1"]
[WhiteElo "1934"]
[BlackElo "2193"]
[PlyCount "72"]
[EventDate "2009.11.08"]
[EventType "team-tourn"]
[EventRounds "11"]
[EventCountry "HUN"]
[SourceTitle "EXT 2011"]
[Source "ChessBase"]
[SourceDate "2010.11.26"]
[SourceVersion "1"]
[SourceVersionDate "2010.11.26"]
[SourceQuality "1"]
[WhiteTeam "FKMK"]
[BlackTeam "BSC"]
[WhiteTeamCountry "HUN"]
[BlackTeamCountry "HUN"]

1. Nf3 d5 2. c4 c6 3. e3 Nf6 4. Nc3 e6 5. Qc2 Be7 6. Be2 0-0 7. 0-0 dxc4 8. Bxc4 b5 9. Bb3 a5 10. a4 b4 11. Ne2 Ba6 12. d4 Nbd7 13. Bc4 Qb6 14. b3 Bxc4 15. Qxc4 c5 16. Bb2 Rfc8 17. Rac1 Qb7 18. Nf4 cxd4 19. Qxd4 Nc5 20. Qe5 h6 21. Nd4 Qe4 22. Qxe4 Nfxe4 23. Rfd1 Bf8 24. f3 Nf6 25. Nd3 Nxd3 26. Rxc8 Rxc8 27. Rxd3 Rd8 28. f4 Ne4 29. Kf1 f5 30. Ke2 Rc8 31. Nxe6 Rc2+ 32. Kd1 Rxb2 33. Rd8 Kf7 34. Nxf8 Rxb3 35. Rb8 Rxe3 36. Nd7 Rd3+ 0-1

[Event "HUN-chT2 Szechenyi 0910"]
[Site "Hungary"]
[Date "2009.11.22"]
[Round "2.5"]
[White "Horvath, Reka"]
[Black "Legradi, David"]
[Result "0-1"]
[WhiteElo "1978"]
[BlackElo "1934"]
[PlyCount "86"]
[EventDate "2009.11.08"]
[EventType "team-tourn"]
[EventRounds "11"]
[EventCountry "HUN"]
[SourceTitle "EXT 2011"]
[Source "ChessBase"]
[SourceDate "2010.11.26"]
[SourceVersion "1"]
[SourceVersionDate "2010.11.26"]
[SourceQuality "1"]
[WhiteTeam "HVSE Infraplan"]
[BlackTeam "FKMK"]
[WhiteTeamCountry "HUN"]
[BlackTeamCountry "HUN"]

1. Nf3 g6 2. d4 d5 3. g3 Bg7 4. Bg2 c6 5. 0-0 Nf6 6. c4 0-0 7. Nc3 Re8 8. Nd2 dxc4 9. Nxc4 Na6 10. e4 Nc7 11. a4 Be6 12. Qd3 Qc8 13. Rd1 Rd8 14. Ne2 Bxc4 15. Qxc4 e5 16. Bg5 Qg4 17. f4 exd4 18. e5 Ncd5 19. Rxd4 Ne3 20. Qd3 Rxd4 21. Qxe3 Nd5 22. Qxd4 Qxe2 23. Qf2 Qc4 24. Qd2 h6 25. Bxd5 cxd5 26. Be7 Rc8 27. Bd6 Bf8 28. Bxf8 Kxf8 29. f5 g5 30. f6 d4 31. h4 Qc5 32. Qd3 Qxe5 33. Rf1 Qe3+ 34. Qxe3 dxe3 35. hxg5 hxg5 36. Kg2 g4 37. b3 Rc2+ 38. Kg1 Rc3 39. b4 e2 40. Re1 Rxg3+ 41. Kh2 Re3 42. Kg2 g3 43. b5 Kg8 0-1

[Event "HUN-chT2 Szechenyi 0910"]
[Site "Hungary"]
[Date "2009.11.08"]
[Round "1.5"]
[White "Legradi, David"]
[Black "Rezsek, Gyozo"]
[Result "1-0"]
[WhiteElo "1934"]
[BlackElo "2076"]
[PlyCount "113"]
[EventDate "2009.11.08"]
[EventType "team-tourn"]
[EventRounds "11"]
[EventCountry "HUN"]
[SourceTitle "EXT 2011"]
[Source "ChessBase"]
[SourceDate "2010.11.26"]
[SourceVersion "1"]
[SourceVersionDate "2010.11.26"]
[SourceQuality "1"]
[WhiteTeam "FKMK"]
[BlackTeam "Keszthely"]
[WhiteTeamCountry "HUN"]
[BlackTeamCountry "HUN"]

1. e4 c5 2. Nf3 d6 3. d4 Nf6 4. Nc3 cxd4 5. Nxd4 Nc6 6. Be3 e6 7. Be2 Be7 8. Qd2 0-0 9. 0-0-0 d5 10. exd5 Nxd5 11. Nxd5 Qxd5 12. Nb3 Nb4 13. a3 Qxd2+ 14. Rxd2 Nd5 15. Bc5 Bxc5 16. Nxc5 b6 17. c4 Nf6 18. Bf3 Rb8 19. Ne4 Bb7 20. Nxf6+ gxf6 21. Bxb7 Rxb7 22. Rhd1 Rc7 23. b3 b5 24. Rd4 Rfc8 25. Rd8+ Rxd8 26. Rxd8+ Kg7 27. Rd4 f5 28. Kd2 bxc4 29. bxc4 e5 30. Rh4 Rc5 31. Kc3 a5 32. Rh3 Kg6 33. Rd3 Kf6 34. Rd6+ Ke7 35. Rh6 Rc7 36. Ra6 Rc5 37. g3 Kf8 38. Rb6 Ke7 39. Rh6 Rc8 40. Rxh7 Rd8 41. Kc2 Rd4 42. Rh4 e4 43. Kb3 Kf6 44. Rf4 Ke5 45. h4 f6 46. h5 Rd3+ 47. Ka4 Rc3 48. h6 Rxc4+ 49. Kxa5 Rc7 50. Kb6 Rh7 51. Rh4 Kd4 52. a4 Kc4 53. a5 Kb4 54. a6 Rh8 55. h7 Rb8+ 56. Kc7 Rh8 57. a7 1-0

[Event "HUN-chT2 Szechenyi 0910"]
[Site "Hungary"]
[Date "2009.05.02"]
[Round "11.4"]
[White "Gaal, Ede"]
[Black "Legradi, David"]
[Result "1-0"]
[WhiteElo "2095"]
[BlackElo "1934"]
[PlyCount "71"]
[EventDate "2009.11.08"]
[EventType "team-tourn"]
[EventRounds "11"]
[EventCountry "HUN"]
[SourceTitle "EXT 2011"]
[Source "ChessBase"]
[SourceDate "2010.11.26"]
[SourceVersion "1"]
[SourceVersionDate "2010.11.26"]
[SourceQuality "1"]
[WhiteTeam "Lovo"]
[BlackTeam "FKMK"]
[WhiteTeamCountry "HUN"]
[BlackTeamCountry "HUN"]

1. e4 c6 2. d4 g6 3. Be2 Bg7 4. h4 d5 5. e5 f6 6. f4 c5 7. Nc3 Nc6 8. Be3 fxe5 9. fxe5 cxd4 10. Bxd4 Nh6 11. h5 Nf5 12. Bb5 0-0 13. Bxc6 Ng3 14. Bxd5+ e6 15. Bf3 Nxh1 16. Nge2 Qh4+ 17. Kd2 Bh6+ 18. Kd3 Nf2+ 19. Bxf2 Qxf2 20. Kc4 Rb8 21. Qd4 b5+ 22. Kb3 Qxd4 23. Nxd4 a6 24. hxg6 hxg6 25. Ne4 Bf4 26. Nc6 Rb6 27. Nd6 Bd7 28. Ne7+ Kg7 29. Rd1 Rd8 30. Nb7 Bc6 31. Nxd8 Bxf3 32. gxf3 Bxe5 33. Rd7 Kf6 34. Nec6 Bg3 35. Rf7+ Kg5 36. Nxe6+ 1-0

[Event "HUN-chT2 Szechenyi 0809"]
[Site "Hungary"]
[Date "2009.02.22"]
[Round "8.3"]
[White "Legradi, David"]
[Black "Soponyai, Andras"]
[Result "1/2-1/2"]
[WhiteElo "1940"]
[BlackElo "2091"]
[PlyCount "140"]
[EventDate "2008.10.26"]
[EventType "team-tourn"]
[EventRounds "11"]
[EventCountry "HUN"]
[SourceTitle "EXT 2010"]
[Source "ChessBase"]
[SourceDate "2010.11.25"]
[SourceVersion "1"]
[SourceVersionDate "2010.11.25"]
[SourceQuality "1"]
[WhiteTeam "Flesch"]
[BlackTeam "Haladas"]
[WhiteTeamCountry "HUN"]
[BlackTeamCountry "HUN"]

1. e4 e6 2. d4 d5 3. exd5 exd5 4. Bd3 Nf6 5. Nc3 Bd6 6. Be3 Bg4 7. f3 Be6 8. Qd2 c6 9. Nge2 Nbd7 10. 0-0-0 Qc7 11. g4 0-0-0 12. Nf4 h6 13. h4 Nb6 14. g5 hxg5 15. hxg5 Nfd7 16. g6 Nf6 17. Rxh8 Rxh8 18. Rg1 Re8 19. gxf7 Bxf7 20. Rxg7 Rxe3 21. Rxf7 Re1+ 22. Qxe1 Bxf4+ 23. Kb1 Qxf7 24. Qh4 Bd6 25. Qg5 Kc7 26. f4 Qg8 27. Ne2 Qxg5 28. fxg5 Nh5 29. b3 Nd7 30. Bf5 Kd8 31. c4 dxc4 32. bxc4 Ke7 33. d5 Ng3 34. Nd4 Ne5 35. Bc8 b6 36. dxc6 Nxc4 37. g6 Kf6 38. g7 Kxg7 39. Ba6 Na5 40. c7 Bxc7 41. Ne6+ Kf6 42. Nxc7 Ne4 43. Nb5 Nc5 44. Bc8 Nc6 45. Bh3 a6 46. Nc3 Ke5 47. Bg2 Nb4 48. Kb2 Nbd3+ 49. Kb1 Kd4 50. Nd1 b5 51. Bc6 b4 52. Be8 a5 53. Nb2 Kc3 54. Nxd3 Nxd3 55. Bd7 Nc5 56. Be8 a4 57. Bf7 a3 58. Bg8 Kd2 59. Bh7 Na4 60. Bg8 Nc3+ 61. Ka1 Kc1 62. Bb3 Ne2 63. Bc4 Nd4 64. Bd3 Kd2 65. Bh7 Kc3 66. Bg8 b3 67. Bxb3 Nxb3+ 68. axb3 Kxb3 69. Kb1 a2+ 70. Ka1 Ka3 1/2-1/2

[Event "HUN-chT2 Szechenyi 0809"]
[Site "Hungary"]
[Date "2009.01.11"]
[Round "5.5"]
[White "Pinterne, Kovacs Marta"]
[Black "Legradi, David"]
[Result "1/2-1/2"]
[WhiteElo "2143"]
[BlackElo "1940"]
[PlyCount "61"]
[EventDate "2008.10.26"]
[EventType "team-tourn"]
[EventRounds "11"]
[EventCountry "HUN"]
[SourceTitle "EXT 2010"]
[Source "ChessBase"]
[SourceDate "2010.11.25"]
[SourceVersion "1"]
[SourceVersionDate "2010.11.25"]
[SourceQuality "1"]
[WhiteTeam "Keszthely"]
[BlackTeam "Flesch"]
[WhiteTeamCountry "HUN"]
[BlackTeamCountry "HUN"]

1. Nf3 g6 2. e4 c6 3. d4 d5 4. exd5 cxd5 5. c3 Bg7 6. Bf4 Nc6 7. Bd3 Qb6 8. Qb3 Qxb3 9. axb3 Nf6 10. h3 0-0 11. b4 Re8 12. 0-0 Nh5 13. Bc7 e5 14. dxe5 Nxe5 15. Nxe5 Bxe5 16. Bb5 Re6 17. Bxe5 Rxe5 18. Nd2 d4 19. c4 Re2 20. Rfd1 Nf4 21. c5 d3 22. Ra3 Bf5 23. Kf1 h5 24. Bxd3 Bxd3 25. Rxd3 Rxf2+ 26. Kxf2 Nxd3+ 27. Kf3 Nxb4 28. Ne4 Rc8 29. g4 hxg4+ 30. hxg4 f5 31. gxf5 1/2-1/2

[Event "HUN-chT2 Szechenyi 0809"]
[Site "Hungary"]
[Date "2008.12.21"]
[Round "4.4"]
[White "Biro, Sandor"]
[Black "Legradi, David"]
[Result "1-0"]
[WhiteElo "2307"]
[BlackElo "1940"]
[PlyCount "43"]
[EventDate "2008.10.26"]
[EventType "team-tourn"]
[EventRounds "11"]
[EventCountry "HUN"]
[SourceTitle "EXT 2010"]
[Source "ChessBase"]
[SourceDate "2010.11.25"]
[SourceVersion "1"]
[SourceVersionDate "2010.11.25"]
[SourceQuality "1"]
[WhiteTeam "Alsoszolnok"]
[BlackTeam "Flesch"]
[WhiteTeamCountry "HUN"]
[BlackTeamCountry "HUN"]

1. e4 e5 2. Nf3 Nf6 3. Nc3 d6 4. d4 exd4 5. Nxd4 Be7 6. Be2 0-0 7. 0-0 c5 8. Nb3 a6 9. a4 Nc6 10. f4 Na5 11. Nxa5 Qxa5 12. e5 dxe5 13. fxe5 Rd8 14. Qe1 Ng4 15. e6 Nf6 16. exf7+ Kxf7 17. Bc4+ Kf8 18. Bg5 Rd4 19. Nd5 Qxe1 20. Raxe1 Bd8 21. Nxf6 Bxf6 22. Rxf6+ 1-0

[Event "HUN-chT2 Szechenyi 0708"]
[Site "Hungary"]
[Date "2007.11.25"]
[Round "3"]
[White "Toth, Szabolcs"]
[Black "Legradi, David"]
[Result "1/2-1/2"]
[WhiteElo "2014"]
[BlackElo "1916"]
[PlyCount "41"]
[EventDate "2007.10.14"]
[EventType "team"]
[EventRounds "11"]
[EventCountry "HUN"]
[SourceTitle "EXT 2009"]
[Source "ChessBase"]
[SourceDate "2008.11.26"]
[SourceVersion "1"]
[SourceVersionDate "2008.11.26"]
[SourceQuality "1"]
[WhiteTeam "Kertvaros"]
[BlackTeam "Flesch"]
[WhiteTeamCountry "HUN"]
[BlackTeamCountry "HUN"]

1. e4 c6 2. d4 d5 3. exd5 cxd5 4. Nf3 g6 5. Bd3 Bg7 6. 0-0 Nf6 7. Re1 Nc6 8. c3 0-0 9. Bf4 Re8 10. h3 Nd7 11. Nbd2 f6 12. Qb3 Nb6 13. a4 a5 14. Be3 Kh8 15. Bb5 Bd7 16. Re2 e6 17. Ne1 Ne7 18. f3 Nf5 19. Bf2 Bxb5 20. Qxb5 Nd6 21. Qd3 1/2-1/2

[Event "HUN-chT2 Szechenyi 0506"]
[Site "Hungary"]
[Date "2006.04.23"]
[Round "11"]
[White "Kovacs, Robert"]
[Black "Legradi, David"]
[Result "0-1"]
[WhiteElo "2165"]
[BlackElo "1892"]
[PlyCount "72"]
[EventDate "2005.10.16"]
[EventType "team"]
[EventRounds "11"]
[EventCountry "HUN"]
[SourceTitle "EXT 2009"]
[Source "ChessBase"]
[SourceDate "2008.11.26"]
[SourceVersion "1"]
[SourceVersionDate "2008.11.26"]
[SourceQuality "1"]
[WhiteTeam "Lenti"]
[BlackTeam "Flesch"]
[WhiteTeamCountry "HUN"]
[BlackTeamCountry "HUN"]

1. e4 e5 2. Nf3 Nc6 3. Bc4 Bc5 4. 0-0 Nf6 5. d3 h6 6. a3 a5 7. Nc3 0-0 8. Ne2 d6 9. h3 Be6 10. Bxe6 fxe6 11. c4 Rf7 12. b3 Qe7 13. Bb2 Raf8 14. Qd2 Nh5 15. d4 exd4 16. Nexd4 e5 17. Nf5 Qd7 18. Bc3 Nf6 19. Ng3 Nh7 20. h4 Rxf3 21. gxf3 Qh3 22. Nf5 Rf6 23. Ne3 Bxe3 24. fxe3 Rg6+ 25. Kf2 Rg2+ 26. Ke1 Rxd2 27. Kxd2 Qxh4 28. b4 axb4 29. axb4 Qh2+ 30. Kd3 Ng5 31. b5 Ne6 32. Bd2 Nc5+ 33. Kc3 Qe2 34. Rad1 Qd3+ 35. Kb2 Na4+ 36. Kc1 Qxc4+ 0-1

[Event "HUN-chT2 Szechenyi 0506"]
[Site "Hungary"]
[Date "2005.10.16"]
[Round "1"]
[White "Legradi, David"]
[Black "Veber, Richard"]
[Result "0-1"]
[WhiteElo "1892"]
[BlackElo "2001"]
[PlyCount "120"]
[EventDate "2005.10.16"]
[EventType "team"]
[EventRounds "11"]
[EventCountry "HUN"]
[SourceTitle "EXT 2009"]
[Source "ChessBase"]
[SourceDate "2008.11.26"]
[SourceVersion "1"]
[SourceVersionDate "2008.11.26"]
[SourceQuality "1"]
[WhiteTeam "Flesch"]
[BlackTeam "Ajka Banyasz"]
[WhiteTeamCountry "HUN"]
[BlackTeamCountry "HUN"]

1. d4 Nf6 2. c4 d6 3. Nc3 g6 4. Nf3 Bg7 5. Bf4 Nc6 6. d5 Nb8 7. e4 0-0 8. Qd2 Nbd7 9. Rb1 Nc5 10. Bd3 e6 11. 0-0 exd5 12. exd5 Nxd3 13. Qxd3 Bf5 14. Qd2 Bxb1 15. Rxb1 Re8 16. Qd3 h6 17. Nd2 Qd7 18. f3 Kh7 19. Nde4 Nxe4 20. Nxe4 f5 21. Nf2 Qf7 22. Rd1 Qf6 23. b4 a5 24. b5 Qb2 25. Qd2 Qxd2 26. Bxd2 Bd4 27. Kf1 Bxf2 28. Kxf2 b6 29. Re1 Rxe1 30. Bxe1 Re8 31. Bc3 g5 32. h3 g4 33. Bd2 gxh3 34. gxh3 Kg6 35. Bf4 Kh5 36. Bg3 Kg5 37. h4+ Kh5 38. Bf4 Rg8 39. Bg3 Rg6 40. a4 Rg7 41. Bf4 Rg8 42. Ke3 Rg2 43. c5 bxc5 44. b6 cxb6 45. Bxd6 Kg6 46. Bc7 Kf7 47. Bxb6 Ra2 48. Kf4 Rxa4+ 49. Kxf5 Rxh4 50. d6 Rh5+ 51. Ke4 Ke6 52. Bxa5 Kxd6 53. Bd2 Ke6 54. f4 Rd5 55. f5+ Rxf5 56. Bxh6 Rd5 57. Bg7 Rd1 58. Bc3 c4 59. Kf4 Kd5 60. Bb2 Rd3 0-1

[Event "HUN-ch U16"]
[Site "Balatonlelle"]
[Date "2005.07.05"]
[Round "7"]
[White "Fulop, Szabolcs"]
[Black "Legradi, David"]
[Result "1/2-1/2"]
[WhiteElo "1936"]
[BlackElo "1892"]
[PlyCount "143"]
[EventDate "2005.06.29"]
[EventType "swiss"]
[EventRounds "9"]
[EventCountry "HUN"]
[SourceTitle "EXT 2008"]
[Source "ChessBase"]
[SourceDate "2007.11.25"]
[SourceVersion "1"]
[SourceVersionDate "2007.11.25"]
[SourceQuality "1"]

1. d4 Nf6 2. Nf3 e6 3. Bg5 Be7 4. e3 d5 5. Bd3 Nfd7 6. Bxe7 Qxe7 7. c3 c5 8. Nbd2 Nc6 9. 0-0 0-0 10. Qe2 e5 11. dxe5 Ncxe5 12. Bb5 a6 13. Bxd7 Nxd7 14. Rfd1 Nf6 15. Nf1 b6 16. Ng3 Bb7 17. a3 Rfe8 18. b4 Rab8 19. h3 g6 20. Rab1 Qc7 21. Qb2 Ba8 22. a4 a5 23. Rbc1 Ne4 24. Nf1 axb4 25. cxb4 Qa7 26. Qa3 Bc6 27. bxc5 bxc5 28. a5 Ra8 29. Ra1 Nd6 30. Rdc1 Nc4 31. Qc3 Qc7 32. N1d2 Rxa5 33. Nxc4 Rxa1 34. Qxa1 dxc4 35. Rxc4 Bxf3 36. gxf3 Qc6 37. Kg2 Qd5 38. Qc3 Re5 39. Kg3 Rg5+ 40. Rg4 Rxg4+ 41. fxg4 c4 42. f3 Qb5 43. Qd4 Kf8 44. Qd8+ Kg7 45. Qd4+ f6 46. Qa7+ Kg8 47. Qc7 Qe5+ 48. Qxe5 fxe5 49. Kf2 Kf7 50. Ke2 Ke6 51. h4 Kd5 52. Kd2 Kc5 53. Kc3 h6 54. f4 exf4 55. exf4 Kd5 56. g5 hxg5 57. fxg5 Ke5 58. Kxc4 Kf5 59. Kd4 Kg4 60. Ke4 Kxh4 61. Kf4 Kh5 62. Kf3 Kxg5 63. Kg3 Kf5 64. Kf3 g5 65. Kg3 g4 66. Kg2 Kf4 67. Kf2 g3+ 68. Kg2 Kg4 69. Kg1 Kf3 70. Kf1 g2+ 71. Kg1 Ke2 72. Kxg2 1/2-1/2

[Event "HUN-ch U16"]
[Site "Balatonlelle"]
[Date "2005.07.03"]
[Round "5"]
[White "Lukacs, Daniel"]
[Black "Legradi, David"]
[Result "1-0"]
[WhiteElo "2031"]
[BlackElo "1892"]
[PlyCount "73"]
[EventDate "2005.06.29"]
[EventType "swiss"]
[EventRounds "9"]
[EventCountry "HUN"]
[SourceTitle "EXT 2008"]
[Source "ChessBase"]
[SourceDate "2007.11.25"]
[SourceVersion "1"]
[SourceVersionDate "2007.11.25"]
[SourceQuality "1"]

1. d4 Nf6 2. c4 e6 3. Nf3 d5 4. Nc3 Bb4 5. Bg5 h6 6. Bxf6 Qxf6 7. Qa4+ Nc6 8. cxd5 Bxc3+ 9. bxc3 exd5 10. e3 0-0 11. Bd3 Bg4 12. Qd1 Rfe8 13. h3 Bxf3 14. Qxf3 Qd6 15. 0-0 Rad8 16. Rfb1 Na5 17. a4 c6 18. Qe2 Qc7 19. Qb2 b6 20. Qe2 Nb7 21. Ba6 Nd6 22. Bd3 Qe7 23. Qc2 Qg5 24. c4 dxc4 25. Bxc4 Nf5 26. Bf1 Re6 27. a5 bxa5 28. Rb7 Rg6 29. Qd2 Nd6 30. Rxa7 Qh4 31. g3 Re8 32. Bg2 Qf6 33. Qc2 Nb5 34. R7xa5 Qd6 35. Qxc6 Qe7 36. Qxb5 f6 37. Ra7 1-0

[Event "HUN-chT2 Szechenyi 0304"]
[Site "Hungary"]
[Date "2003.10.05"]
[Round "2"]
[White "Kirchner, Daniel"]
[Black "Legradi, David"]
[Result "0-1"]
[WhiteElo "1781"]
[BlackElo "1786"]
[PlyCount "66"]
[EventDate "2003.09.28"]
[EventType "team"]
[EventRounds "11"]
[EventCountry "HUN"]
[SourceTitle "EXT 2009"]
[Source "ChessBase"]
[SourceDate "2008.11.26"]
[SourceVersion "1"]
[SourceVersionDate "2008.11.26"]
[SourceQuality "1"]
[WhiteTeam "Zala Volan"]
[BlackTeam "Flesch"]
[WhiteTeamCountry "HUN"]
[BlackTeamCountry "HUN"]

1. e4 e6 2. d4 d5 3. exd5 exd5 4. Nf3 Bd6 5. c4 c6 6. Nc3 Ne7 7. Qb3 Qb6 8. Qxb6 axb6 9. cxd5 Nxd5 10. Nxd5 cxd5 11. g3 Nc6 12. a3 Bg4 13. Bg2 Bxf3 14. Bxf3 Nxd4 15. Bd1 Nc6 16. 0-0 0-0 17. Bf3 d4 18. b4 Bxb4 19. Rb1 Bc5 20. Bf4 Rxa3 21. Kg2 d3 22. Bc7 Ra6 23. Rfd1 Ra2 24. Bxb6 Rxf2+ 25. Kh3 Bxb6 26. Bxc6 bxc6 27. Rxb6 d2 28. Rxc6 Rd8 29. g4 Rd3+ 30. Kh4 Rxh2+ 31. Kg5 h6+ 32. Kf4 Re2 33. Rc8+ Kh7 0-1